Kỹ thuật đúc /
Gồm 6 phần :
Đã lưu trong:
| Hovedforfatter: | |
|---|---|
| Format: | Bog |
| Sprog: | Vietnamese |
| Udgivet: |
H. :
Công nhân kỹ thuật ,
1980
|
| Udgivelse: | In lần thứ 1 |
| Fag: | |
| Tags: |
Tilføj Tag
Ingen Tags, Vær først til at tagge denne postø!
|
| Thư viện lưu trữ: | Thư viện Trường CĐ Kỹ Thuật Cao Thắng |
|---|
| LEADER | 01156nam a2200301 a 4500 | ||
|---|---|---|---|
| 001 | TVCDKTCT6872 | ||
| 003 | Thư viện trường Cao đẳng Kỹ thuật Cao Thắng | ||
| 005 | 20070510000000 | ||
| 008 | 070510 | ||
| 980 | \ | \ | |a Thư viện Trường CĐ Kỹ Thuật Cao Thắng |
| 024 | |a RG_1 #1 eb0 i1 | ||
| 041 | 0 | # | |a vie |
| 082 | # | # | |a 671.2 / |b Đ312L -k |
| 100 | 1 | # | |a Đinh Ngọc Lựa |
| 245 | 0 | 0 | |a Kỹ thuật đúc / |c Đinh Ngọc Lựa |
| 250 | # | # | |a In lần thứ 1 |
| 260 | # | # | |a H. : |b Công nhân kỹ thuật , |c 1980 |
| 300 | # | # | |a 319tr. ; |c 24cm |
| 520 | # | # | |a Gồm 6 phần : |
| 520 | # | # | |a Phần thứ nhất :Công nghệ làm khuôn đúc |
| 520 | # | # | |a Phần thứ hai : Đúc gang xám |
| 520 | # | # | |a Phần thứ ba : Sản xuất vật đúc bằng ang dẻo |
| 520 | # | # | |a Phần thứ tư : Đúc thép |
| 520 | # | # | |a Phần thứ năm : Đúc hợp kim màu |
| 520 | # | # | |a Phần thứ sáu : Đúc đặc biệt |
| 650 | # | 4 | |a Cơ khí |
| 650 | # | 4 | |a Đúc-- Kỹ thuật |
| 650 | # | 4 | |a Làm khuôn đúc--Đúc gang xám--Đúc thép |